Aritmética Práctica: Cuaderno N°2

Gespeichert in:
Bibliographische Detailangaben
1. Verfasser: De Castro, V. (VerfasserIn)
Format: Buch
Sprache:Spanisch
Erschienen: Santiago Imprenta y Encuadernación Barcelona 1898
Ausgabe:7° ed.
Katalog:MANES:  Suchergebnis im Bibliothekskatalog
Schulbuchspezifische Eigenschaften:
Tags: Tag hinzufügen
Keine Tags, Fügen Sie den ersten Tag hinzu!
Hinzugefügt zu:26.04.2020
Geändert in:25.04.2025

MARC

LEADER 00000nam a22000007a 4500
005 20250425101503.0
008 200427b ||||| |||| 00| 0 spa d
040 |a MGM 
561 |5 cl-MGM  |3 T 510 C355a 1898 Cuad.2 c.2  |a Chile. Museo Gabriela Mistral  |k MANES 
999 |c 88554  |d 88554 
100 |9 30941  |a De Castro, V.  |e autor 
245 |a Aritmética Práctica: Cuaderno N°2 
250 |a 7° ed. 
260 |a Santiago  |b Imprenta y Encuadernación Barcelona  |c 1898 
300 |a 136 p.  |c 18 x 12,5 cm. 
521 |a Para el uso en los Liceos del Estado  
546 |a Chile  
690 0 |a MATE 
691 |a SE 
942 |2 ddc  |c BK 
999 |c manes:88554  |d 88554